=LDR 00000nam 2200000 4500 =001 INLIS000000000016096 =005 20200204125114 =035 ##$$a 0010-061300000016096 =008 200204################g##########0#ind## =041 ##$$a Ind =082 ##$$a 070.92 =090 ##$$a 070.92, Rac p =100 ##$$a Rachmadi, F =245 1#$$a Perbandingan sistem pers : $b Analisis deskriptif sistem pers diberbagai negara /$c F. Rachmadi =260 ##$$a Jakarta :$b Gramedia,$c 1990 =300 ##$$a xx, 284 hlm. : $b ilus. ; $c 21 x 14 cm. =650 #4$$a Pers - Perbandingan Negara Lain =850 ##$$a NBPNMAT =020 ##$$a 979-403-781-8 =084 ##$$a 070.92 Rac p =990 ##$$a 45.800/Pro-92 =990 ##$$a 45.801/Pro-92 =990 ##$$a 45.802/Pro-92 =990 ##$$a 38.908/Pb/91